[Event "SVK-ch U14"]
[Site "Lubovna"]
[Date "2013.04.13"]
[Round "9"]
[White "Tkac, Michal"]
[Black "Lintner, Igor"]
[Result "1/2-1/2"]
[WhiteElo "1600"]
[BlackElo "1683"]
[PlyCount "142"]
[EventDate "2013.04.06"]
[EventType "swiss"]
[EventRounds "9"]
[EventCountry "SVK"]
[SourceTitle "CBM 153 Extra"]
[Source "ChessBase"]
[SourceDate "2013.04.22"]
[SourceVersion "1"]
[SourceVersionDate "2013.04.22"]
[SourceQuality "1"]

1. Nf3 Nf6 2. c4 c5 3. Nc3 Nc6 4. g3 g6 5. Bg2 Bg7 6. 0-0 0-0 7. d4 cxd4 8. Nxd4 Qb6 9. Nb3 d6 10. Nd5 Nxd5 11. cxd5 Ne5 12. Be3 Qd8 13. Bd4 Bd7 14. Rc1 Bb5 15. Re1 Qd7 16. f4 Nc4 17. Bxg7 Kxg7 18. Qd4+ Kg8 19. Rxc4 Bxc4 20. Qxc4 Rfc8 21. Qd3 Qa4 22. a3 Rc7 23. Rc1 Rxc1+ 24. Nxc1 Rc8 25. Nb3 b5 26. Bf1 b4 27. Nd4 Rc1 28. Nc6 bxa3 29. Qxa3 Qe4 30. Qf3 Qxf3 31. exf3 Kf8 32. b4 Ra1 33. b5 Ke8 34. Kf2 Kd7 35. Be2 e6 36. dxe6+ fxe6 37. h4 Kc7 38. g4 a6 39. Nd4 axb5 40. Bxb5 e5 41. fxe5 dxe5 42. Ne6+ Kb6 43. Bd3 Ra2+ 44. Ke3 Rh2 45. Ng5 Rxh4 46. Nf7 Kc5 47. Nxe5 Rh1 48. Nxg6 hxg6 49. Bxg6 Kd6 50. Kf4 Ke6 51. Kg5 Rg1 52. Bf5+ Kf7 53. f4 Kg7 54. Be6 Rf1 55. Kf5 Rf2 56. g5 Rf1 57. Bd5 Rf2 58. Be4 Rf1 59. Ke5 Rg1 60. g6 Rf1 61. f5 Rf2 62. Ke6 Rf4 63. Bd3 Rf3 64. Be4 Rf4 65. Ke5 Rf1 66. Bd3 Re1+ 67. Kf4 Kf6 68. Kf3 Ra1 69. Be4 Ra3+ 70. Kf4 Ra1 71. Ke3 Re1+ 1/2-1/2

[Event "SVK-ch U14"]
[Site "Lubovna"]
[Date "2013.04.11"]
[Round "7"]
[White "Tkac, Michal"]
[Black "Simo, Marian"]
[Result "0-1"]
[WhiteElo "1600"]
[BlackElo "1812"]
[PlyCount "66"]
[EventDate "2013.04.06"]
[EventType "swiss"]
[EventRounds "9"]
[EventCountry "SVK"]
[SourceTitle "CBM 153 Extra"]
[Source "ChessBase"]
[SourceDate "2013.04.22"]
[SourceVersion "1"]
[SourceVersionDate "2013.04.22"]
[SourceQuality "1"]

1. Nf3 Nf6 2. c4 e6 3. Nc3 Bb4 4. a3 Bxc3 5. bxc3 d5 6. e3 c5 7. d4 cxd4 8. cxd4 0-0 9. Bd3 b6 10. Bd2 dxc4 11. Bxc4 Bb7 12. 0-0 Nc6 13. Qe2 Rc8 14. Rfc1 Qe7 15. Bb5 Rfd8 16. a4 Ne4 17. Be1 Nb4 18. Ne5 Nd5 19. f3 Nec3 20. Bxc3 Nxc3 21. Qd2 Nxb5 22. axb5 f6 23. Nd3 Bd5 24. Nb4 f5 25. Nd3 Bc4 26. Rab1 Qe8 27. Ne5 Bxb5 28. Rxc8 Rxc8 29. Qa2 a6 30. d5 Rc5 31. Nc6 exd5 32. Nd4 Qxe3+ 33. Qf2 Rc1+ 0-1

[Event "SVK-ch U14"]
[Site "Lubovna"]
[Date "2013.04.08"]
[Round "3"]
[White "Haris, Darius"]
[Black "Tkac, Michal"]
[Result "1/2-1/2"]
[WhiteElo "1222"]
[BlackElo "1600"]
[PlyCount "93"]
[EventDate "2013.04.06"]
[EventType "swiss"]
[EventRounds "9"]
[EventCountry "SVK"]
[SourceTitle "CBM 153 Extra"]
[Source "ChessBase"]
[SourceDate "2013.04.22"]
[SourceVersion "1"]
[SourceVersionDate "2013.04.22"]
[SourceQuality "1"]

1. e4 e6 2. d4 d5 3. Nc3 Nf6 4. Bg5 dxe4 5. Nxe4 Be7 6. Nxf6+ Bxf6 7. Bxf6 Qxf6 8. Nf3 0-0 9. Bc4 Nc6 10. 0-0 Rd8 11. c3 Ne7 12. Re1 c5 13. Qe2 cxd4 14. Nxd4 Nd5 15. Bxd5 Rxd5 16. Qf3 Qxf3 17. Nxf3 b6 18. Rad1 Bb7 19. Ne5 Rad8 20. Rxd5 Rxd5 21. Nf3 Rd6 22. Nd4 a6 23. a3 Bd5 24. f4 f6 25. Rd1 Bb7 26. Re1 Kf7 27. Kf2 h6 28. h4 Bc8 29. g3 g6 30. Kf3 Rd5 31. Kg2 Bb7 32. Kf2 e5 33. fxe5 Rxe5 34. Rxe5 fxe5 35. Nf3 Kf6 36. Ke3 Kf5 37. Nh2 h5 38. b4 Bd5 39. Kd3 b5 40. Ke3 Bc6 41. Kd3 Bg2 42. Ke3 Ke6 43. Nf3 Bxf3 44. Kxf3 Kf5 45. Ke3 Kg4 46. c4 Kf5 47. c5 1/2-1/2

[Event "SVK-ch U14"]
[Site "Lubovnianske Kupele"]
[Date "2012.03.20"]
[Round "5"]
[White "Puskar, Peter"]
[Black "Tkac, Michal"]
[Result "1-0"]
[WhiteElo "1822"]
[BlackElo "1604"]
[PlyCount "39"]
[EventDate "2012.03.17"]
[EventType "swiss"]
[EventRounds "9"]
[EventCountry "SVK"]
[SourceTitle "CBM 147 Extra"]
[Source "ChessBase"]
[SourceDate "2012.04.24"]
[SourceVersion "1"]
[SourceVersionDate "2012.04.24"]
[SourceQuality "1"]

1. d4 Nf6 2. Nf3 e6 3. e3 b6 4. Bd3 Bb7 5. Nbd2 c5 6. c3 Be7 7. 0-0 0-0 8. e4 Nc6 9. a3 d6 10. Qe2 Rc8 11. e5 dxe5 12. dxe5 Ng4 13. Bxh7+ Kh8 14. Bc2 Bg5 15. Ne4 Bxc1 16. Raxc1 Ncxe5 17. Nxe5 Nxe5 18. Qh5+ Kg8 19. Nf6+ Qxf6 20. Qh7# 1-0